Gaming Quiz

Random Gaming or Minecraft Quiz

Minecraft Mob Quiz Stats

 Plays Quiz not verified by Sporcle

Also try: Diablo II Classes
Challenge
Share
Tweet
Embed
Score 0/52 Timer 03:00
0 Plays Today
Minecraft minecraft % Correct
guesszombie
75%
guesszombie
75%
guesspig
65.6%
guesscow
65.6%
guesscreeper
59.4%
guessghast
53.1%
guesswitch
53.1%
guessenderman
53.1%
guesssheep
53.1%
guessvillager
53.1%
guessslime
53.1%
guessspider
50%
guessblaze
50%
guesshorse
46.9%
guesschicken
46.9%
guesswolf
43.8%
guesswither
43.8%
guessender dragon
43.8%
guesszombie pigman
43.8%
guessmagma cube
43.8%
guesswither skeleton
40.6%
guessocelot
34.4%
guessendermite
34.4%
guessendermite
34.4%
34.4%
guessvex
34.4%
Minecraft minecraft % Correct
guesssquid
31.3%
guesscave spider
31.3%
guessrabbit
31.3%
guessmule
31.3%
guessiron golem
31.3%
guessdonkey
31.3%
guessmooshroom
31.3%
guesssnow golem
31.3%
guesssilverfish
28.1%
guessbat
28.1%
guessvindicator
25%
guesszombie villager
25%
guessstray
25%
guessparrot
21.9%
guessllama
21.9%
guessevoker
21.9%
guessskeleton horse
21.9%
guesshusk
18.8%
guessskeleton horseman
15.6%
guesspolarbear
15.6%
guesschicken jockey
15.6%
guesszombie horse
15.6%
guesselder guardian
12.5%
guesskiller bunny
9.4%
guessillusioner
6.3%
guessgiant
6.3%

You're not logged in!

Compare scores with friends on all Sporcle quizzes.
OR
Log In

You Might Also Like...

Show Comments

Extras

Created Jun 19, 2017ReportNominate
Tags:Minecraft Quiz, mob

Top Quizzes Today


Score Distribution

Your Account Isn't Verified!

In order to create a playlist on Sporcle, you need to verify the email address you used during registration. Go to your Sporcle Settings to finish the process.

Report this User

Report this user for behavior that violates our Community Guidelines.

Details: